[Event "Stuttgart-chA int"]
[Site "Ditzingen"]
[Date "2013.05.09"]
[Round "1"]
[White "Severin, Andreas"]
[Black "Weber, Sandra"]
[Result "1-0"]
[WhiteElo "2035"]
[BlackElo "1766"]
[PlyCount "111"]
[EventDate "2013.05.09"]
[EventType "swiss"]
[EventRounds "7"]
[EventCountry "GER"]
[SourceTitle "EXT 2014"]
[Source "ChessBase"]
[SourceDate "2013.11.20"]
[SourceVersion "1"]
[SourceVersionDate "2013.11.20"]
[SourceQuality "1"]

1. Nf3 Nf6 2. c4 g6 3. Nc3 Bg7 4. g3 0-0 5. Bg2 d6 6. 0-0 e5 7. d3 Nc6 8. Bg5 Ne7 9. Qd2 Nh5 10. Nd5 f6 11. Bh6 Nf5 12. Bxg7 Nhxg7 13. b4 Ne6 14. Rfb1 Bd7 15. a4 c6 16. Nc3 Rb8 17. a5 Qe7 18. Ne1 Ng5 19. Nc2 Be6 20. a6 Qd7 21. axb7 Rxb7 22. b5 Ne7 23. Nb4 cxb5 24. Nxb5 d5 25. cxd5 Nxd5 26. Nxd5 Bxd5 27. Nc3 Bxg2 28. Kxg2 Rfb8 29. Rxb7 Rxb7 30. Qa2+ Kg7 31. Qa6 Ne6 32. Ra5 Nd4 33. Rc5 Rb6 34. Qc4 Rc6 35. f3 Rxc5 36. Qxc5 Qb7 37. Qd6 Nf5 38. Qc5 Nd4 39. Kf2 Ne6 40. Qa3 Nd4 41. Ne4 Nc2 42. Qc3 Qb6+ 43. Nc5 Nd4 44. e3 Ne6 45. d4 exd4 46. exd4 Nc7 47. Kg2 Nd5 48. Qe1 Kf7 49. Qe4 Qd6 50. Qb1 Qb6 51. Qa2 Qd6 52. Qxa7+ Qe7 53. Qa2 Qd6 54. Ne4 Qe6 55. Qa7+ Ne7 56. h4 1-0

[Event "Stuttgart-chA int"]
[Site "Ditzingen"]
[Date "2013.05.09"]
[Round "2"]
[White "Weber, Sandra"]
[Black "Klaus, Dominik"]
[Result "1/2-1/2"]
[WhiteElo "1766"]
[BlackElo "1880"]
[PlyCount "84"]
[EventDate "2013.05.09"]
[EventType "swiss"]
[EventRounds "7"]
[EventCountry "GER"]
[SourceTitle "EXT 2014"]
[Source "ChessBase"]
[SourceDate "2013.11.20"]
[SourceVersion "1"]
[SourceVersionDate "2013.11.20"]
[SourceQuality "1"]

1. e4 c5 2. Nf3 d6 3. d4 cxd4 4. Nxd4 Nf6 5. Nc3 a6 6. Be2 e5 7. Nb3 Be7 8. 0-0 0-0 9. Kh1 Qc7 10. f4 exf4 11. Bxf4 Nbd7 12. Nd5 Nxd5 13. exd5 Bf6 14. c3 Ne5 15. Nd2 Ng6 16. Ne4 Be7 17. Bg3 f5 18. Nd2 f4 19. Bf2 Bf6 20. Ne4 Be5 21. Bf3 Qe7 22. Nd2 Nh4 23. Be4 Nf5 24. Nc4 Bd7 25. Nb6 Rae8 26. Nxd7 Qxd7 27. Qd3 g6 28. Rae1 Qg7 29. Qh3 Qf6 30. Bb6 Qg5 31. Bxf5 Rxf5 32. Qf3 Qh6 33. Bd4 Rh5 34. h3 Qf8 35. Bxe5 Rhxe5 36. Rxe5 dxe5 37. c4 g5 38. Qe4 Qf6 39. c5 Qg6 40. Qc4 e4 41. Re1 e3 42. c6 bxc6 1/2-1/2

[Event "Staufer op 25th"]
[Site "Schwaebisch Gmuend"]
[Date "2013.01.05"]
[Round "7"]
[White "Buchele, Andreas"]
[Black "Weber, Sandra"]
[Result "1-0"]
[WhiteElo "1954"]
[BlackElo "1694"]
[PlyCount "55"]
[EventDate "2013.01.02"]
[EventType "swiss"]
[EventRounds "9"]
[EventCountry "GER"]
[SourceTitle "CBM 152 Extra"]
[Source "ChessBase"]
[SourceDate "2013.02.25"]
[SourceVersion "1"]
[SourceVersionDate "2013.02.25"]
[SourceQuality "1"]

1. e4 c5 2. b4 cxb4 3. a3 d6 4. axb4 Nf6 5. Nc3 g6 6. Nf3 Bg7 7. e5 dxe5 8. Nxe5 0-0 9. Bc4 Qc7 10. Qe2 Nc6 11. Nxc6 Qxc6 12. 0-0 Bg4 13. f3 Bf5 14. Bb3 Qd6 15. Ra5 Qxb4 16. Re5 e6 17. g4 Nxg4 18. Rxf5 exf5 19. fxg4 fxg4 20. Nd5 Qc5+ 21. Kh1 Rae8 22. Qxg4 h5 23. Qf3 Re5 24. d4 Qxd4 25. Be3 Qh4 26. Bc5 Rf5 27. Ne7+ Kh7 28. Nxf5 1-0

[Event "GER-chT Federal Cup (Women)"]
[Site "Braunfels"]
[Date "2012.06.09"]
[Round "4.6"]
[White "Weber, Sandra"]
[Black "Woniak, Katarzyna"]
[Result "1/2-1/2"]
[WhiteElo "1617"]
[BlackElo "1990"]
[PlyCount "50"]
[EventDate "2012.06.07"]
[EventType "team-swiss"]
[EventRounds "5"]
[EventCountry "GER"]
[SourceTitle "CBM 149 Extra"]
[Source "ChessBase"]
[SourceDate "2012.08.24"]
[SourceVersion "1"]
[SourceVersionDate "2012.08.24"]
[SourceQuality "1"]
[WhiteTeam "Wuerttemberg (W)"]
[BlackTeam "Bayern Muenchen (W)"]
[WhiteTeamCountry "GER"]
[BlackTeamCountry "GER"]

1. e4 e6 2. d4 d5 3. Nc3 dxe4 4. Nxe4 Nf6 5. Nxf6+ Qxf6 6. Nf3 h6 7. Bc4 Bd6 8. Be3 Nd7 9. Qe2 Nb6 10. Bd3 Nd5 11. 0-0 0-0 12. c3 Nf4 13. Bxf4 Qxf4 14. Qe4 Qxe4 15. Bxe4 Bd7 16. Rfe1 Rad8 17. Rad1 b5 18. Ne5 Be8 19. Nc6 Bxc6 20. Bxc6 Rb8 21. Re2 g6 22. g3 Kg7 23. Rde1 Rb6 24. Be4 Rd8 25. Rd1 Rbb8 1/2-1/2

[Event "GER-chT Federal Cup (Women)"]
[Site "Braunfels"]
[Date "2012.06.07"]
[Round "1.6"]
[White "Weber, Sandra"]
[Black "Vollstaedt Klein, Sabine"]
[Result "1/2-1/2"]
[WhiteElo "1617"]
[BlackElo "1919"]
[PlyCount "62"]
[EventDate "2012.06.07"]
[EventType "team-swiss"]
[EventRounds "5"]
[EventCountry "GER"]
[SourceTitle "CBM 149 Extra"]
[Source "ChessBase"]
[SourceDate "2012.08.24"]
[SourceVersion "1"]
[SourceVersionDate "2012.08.24"]
[SourceQuality "1"]
[WhiteTeam "Wuerttemberg (W)"]
[BlackTeam "Baden (W)"]
[WhiteTeamCountry "GER"]
[BlackTeamCountry "GER"]

1. e4 e5 2. Nf3 Nc6 3. Bb5 a6 4. Ba4 Nf6 5. 0-0 b5 6. Bb3 Be7 7. Re1 d6 8. c3 0-0 9. h3 Bb7 10. d4 exd4 11. cxd4 Qd7 12. Nbd2 Rad8 13. Nf1 d5 14. e5 Ne4 15. Ng3 Nxg3 16. fxg3 Rc8 17. Ng5 g6 18. Nxf7 Nd8 19. Nh6+ Kg7 20. Ng4 Kg8 21. Bh6 Ne6 22. Bxf8 Rxf8 23. Bc2 Qc6 24. Ne3 Qb6 25. Bb3 c6 26. Kh2 Nxd4 27. Ng4 c5 28. Rf1 c4 29. Rxf8+ Kxf8 30. Qf1+ Kg7 31. Bd1 Nf5 1/2-1/2

[Event "GER-ch U14 Girls"]
[Site "Oberhof"]
[Date "2012.05.30"]
[Round "6"]
[White "Weber, Sandra"]
[Black "Bluhm, Sonja Maria"]
[Result "0-1"]
[WhiteElo "1682"]
[BlackElo "2001"]
[PlyCount "176"]
[EventDate "2012.05.27"]
[EventType "swiss"]
[EventRounds "9"]
[EventCountry "GER"]
[SourceTitle "CBM 148 Extra"]
[Source "ChessBase"]
[SourceDate "2012.06.22"]
[SourceVersion "1"]
[SourceVersionDate "2012.06.22"]
[SourceQuality "1"]

1. e4 c5 2. Nf3 Nc6 3. d4 cxd4 4. Nxd4 Nf6 5. Nc3 d6 6. Be2 e5 7. Nb3 Be7 8. 0-0 0-0 9. Kh1 a5 10. a4 Nb4 11. f4 Bd7 12. Be3 Qc7 13. Rc1 Bc6 14. Bd3 b6 15. Qf3 Qb7 16. Nd2 exf4 17. Bxf4 d5 18. Be5 dxe4 19. Ndxe4 Nxe4 20. Bxe4 f6 21. Bf4 Bc5 22. Bxc6 Qxc6 23. Qxc6 Nxc6 24. Ne4 Bd4 25. c3 Be5 26. Be3 Bc7 27. Bf4 Bxf4 28. Rxf4 Rad8 29. Kg1 Ne5 30. Rc2 h6 31. Ng3 Rd1+ 32. Rf1 Rd5 33. Ne2 Nc4 34. Rf3 Rd1+ 35. Kf2 Ne5 36. Rh3 Nd3+ 37. Kg3 Re8 38. Nd4 Ra1 39. b3 Rae1 40. Nf3 R1e3 41. Rh4 Nc5 42. Rc4 g5 43. h3 Kg7 44. Kh2 Nxb3 45. Rb2 Nc5 46. Nd4 Kg6 47. Rxb6 Ne4 48. Rb2 Rxc3 49. Rxc3 Nxc3 50. Nc6 Ra8 51. Rc2 Nxa4 52. Ra2 Nb6 53. Rxa5 Re8 54. Nd4 Re4 55. Nf3 Re2 56. Rc5 Na4 57. Rd5 Nc3 58. Rd2 Re4 59. Kg1 Ne2+ 60. Kf2 Nf4 61. Kg3 Ra4 62. Kh2 Ra3 63. Rc2 h5 64. Rd2 Nxh3 65. Nh4+ gxh4 66. gxh3 Rg3 67. Rd4 Kg5 68. Rd5+ f5 69. Rd8 f4 70. Rd5+ Kg6 71. Rd8 Rg5 72. Rg8+ Kf5 73. Re8 f3 74. Rf8+ Ke4 75. Re8+ Kf4 76. Rf8+ Ke3 77. Ra8 Rd5 78. Re8+ Kf2 79. Rg8 Rd3 80. Rg7 Kf1 81. Rg2 f2 82. Rg8 Ke2 83. Re8+ Re3 84. Rd8 f1Q 85. Rd2+ Kf3 86. Ra2 Re2+ 87. Rxe2 Qxe2+ 88. Kh1 Qg2# 0-1

[Event "GER-ch U14 Girls"]
[Site "Oberhof"]
[Date "2012.05.28"]
[Round "3"]
[White "Silber, Stefanie"]
[Black "Weber, Sandra"]
[Result "1/2-1/2"]
[WhiteElo "1036"]
[BlackElo "1682"]
[PlyCount "96"]
[EventDate "2012.05.27"]
[EventType "swiss"]
[EventRounds "9"]
[EventCountry "GER"]
[SourceTitle "CBM 148 Extra"]
[Source "ChessBase"]
[SourceDate "2012.06.22"]
[SourceVersion "1"]
[SourceVersionDate "2012.06.22"]
[SourceQuality "1"]

1. e4 c5 2. Nf3 Nc6 3. Bb5 g6 4. Bxc6 dxc6 5. 0-0 Bg7 6. Nc3 Bg4 7. Re1 e5 8. h3 Bxf3 9. Qxf3 Nh6 10. Qg3 f5 11. f4 Qd4+ 12. Kh1 0-0-0 13. d3 Rde8 14. Ne2 Qd6 15. fxe5 Qxe5 16. Qxe5 Rxe5 17. Bf4 Re6 18. c3 Rhe8 19. Ng3 Nf7 20. Re2 Nd6 21. Rae1 Kd7 22. exf5 Rxe2 23. Rxe2 Rxe2 24. Nxe2 Nxf5 25. Kg1 Bf6 26. g4 Ng7 27. Ng3 Ne6 28. Be3 Bg5 29. Bxg5 Nxg5 30. Kg2 Kd6 31. h4 Ne6 32. Ne4+ Ke5 33. Kf3 b6 34. Ke3 Nf8 35. b3 h6 36. d4+ cxd4+ 37. cxd4+ Ke6 38. Nc3 Nd7 39. Kf4 Nf6 40. a3 Nd5+ 41. Nxd5 Kxd5 42. Ke3 a5 43. Kd3 g5 44. hxg5 hxg5 45. Ke3 c5 46. dxc5 bxc5 47. Kd3 Ke5 48. Ke3 Kd5 1/2-1/2